[Event "4NCL 3 South pool A"]
[Site "Telford, ENG ENG"]
[Date "2016.01.16"]
[Round "3.55"]
[White "Ferrington, Nigel M"]
[Black "Young, Alan"]
[Result "1-0"]
[WhiteElo "2290"]
[BlackElo "2090"]
[PlyCount "137"]
[EventDate "2016.01.16"]
[WhiteTeam "Shropshire 1"]
[BlackTeam "Rhyfelwyr Essyllwg"]

1. d4 d5 2. c4 dxc4 3. e4 e5 4. Nf3 exd4 5. Bxc4 Nc6 6. O-O Be6 7. Bxe6 fxe6 8.
Qb3 Qd7 9. Qxb7 Rb8 10. Qa6 Nf6 11. e5 Nd5 12. a3 Bc5 13. Nbd2 O-O 14. Ne4 Be7
15. Qd3 Nf4 16. Bxf4 Rxf4 17. Rac1 Rf5 18. Rc4 Nxe5 19. Nxe5 Rxe5 20. Rxd4 Rd5
21. Rxd5 exd5 22. Nc3 c6 23. b4 Qe6 24. g3 Re8 25. Rd1 Bf6 26. Rc1 d4 27. Na4
Qd5 28. Nc5 Bg5 29. Rd1 a5 30. Qb3 Qxb3 31. Nxb3 axb4 32. axb4 Bf6 33. Kf1 Rb8
34. Na5 Rxb4 35. Nxc6 Rb6 36. Na5 Re6 37. Nb3 Kf7 38. Rd2 Rd6 39. Ke2 Ke6 40.
Kd3 Kd5 41. Ra2 Rb6 42. Ra5+ Ke6 43. Nxd4+ Bxd4 44. Kxd4 Rb2 45. Ke3 Kf6 46. h4
Rb4 47. Kf3 g6 48. h5 Rb7 49. Kg4 Rc7 50. f4 Rb7 51. Kh4 Rb1 52. Ra6+ Kf5 53.
Ra5+ Kf6 54. Kg4 Rb7 55. Ra6+ Kg7 56. Kh4 Rf7 57. Ra4 Rc7 58. g4 Kf6 59. Ra6+
Kf7 60. Kg5 Rc5+ 61. Kh6 gxh5 62. g5 h4 63. Kxh7 h3 64. Rh6 Rc8 65. g6+ Kf6 66.
g7+ Kf7 67. Rxh3 Rg8 68. Rg3 Re8 69. g8=Q+ 1-0

[Event "4NCL 3 South pool A"]
[Site "Telford, ENG ENG"]
[Date "2016.01.16"]
[Round "3.56"]
[White "Brown, Thomas"]
[Black "Rutter, Nick J"]
[Result "1/2-1/2"]
[WhiteElo "2072"]
[BlackElo "2215"]
[PlyCount "110"]
[EventDate "2016.01.16"]
[WhiteTeam "Rhyfelwyr Essyllwg"]
[BlackTeam "Shropshire 1"]

1. d4 d5 2. c4 c6 3. Nc3 e6 4. e4 dxe4 5. Nxe4 Bb4+ 6. Bd2 Qxd4 7. Bxb4 Qxe4+
8. Be2 Ne7 9. Nf3 Nd5 10. Ba5 b6 11. cxd5 bxa5 12. dxc6 Nxc6 13. O-O O-O 14.
Bd3 Qd5 15. Qe2 Bb7 16. Rfd1 Qh5 17. Be4 Rab8 18. Rd7 Ba8 19. Bxc6 Bxc6 20.
Rxa7 Rb4 21. Nd4 Qxe2 22. Nxe2 Rxb2 23. Nd4 Bd5 24. Rxa5 Rfb8 25. Nb3 g6 26. h3
Bxb3 27. axb3 R8xb3 28. R5a3 h5 29. Rxb3 Rxb3 30. h4 Kg7 31. g3 e5 32. Kg2 e4
33. Re1 Rb4 34. Ra1 Rd4 35. Ra3 Kf6 36. Ra6+ Ke5 37. Ra5+ Rd5 38. Ra4 f6 39.
Ra8 Kf5 40. Rf8 Rd2 41. Re8 Rd6 42. Ra8 Re6 43. Ra3 g5 44. hxg5 fxg5 45. Rb3
Re5 46. Ra3 h4 47. gxh4 gxh4 48. Kh3 Kf4 49. Kxh4 Rd5 50. Ra8 Kf3 51. Rf8+ Ke2
52. Re8 Kf3 53. Rf8+ Kg2 54. Kg4 Rd2 55. Rf4 Rxf2 1/2-1/2

[Event "4NCL 3 South pool A"]
[Site "Telford, ENG ENG"]
[Date "2016.01.16"]
[Round "3.57"]
[White "Whyte, Brian G"]
[Black "Van Kemenade, Rudy"]
[Result "1-0"]
[WhiteElo "2155"]
[BlackElo "1964"]
[PlyCount "95"]
[EventDate "2016.01.16"]
[WhiteTeam "Shropshire 1"]
[BlackTeam "Rhyfelwyr Essyllwg"]

1. e4 d6 2. d4 Nf6 3. Nc3 c6 4. h3 e5 5. Nf3 Nbd7 6. a4 Be7 7. Bc4 h6 8. Qe2
Qc7 9. a5 Nf8 10. dxe5 dxe5 11. Nh4 g6 12. O-O Nh5 13. Nf3 Ne6 14. Be3 Nhf4 15.
Qd2 Rg8 16. Na4 g5 17. Nb6 axb6 18. axb6 Qb8 19. Rxa8 Qxa8 20. Nxe5 Qb8 21. Ng4
Rg6 22. Qc3 h5 23. Qh8+ Nf8 24. Bxf7+ Kxf7 25. Ne5+ Qxe5 26. Qxe5 Bd6 27. Qa5
N8e6 28. e5 Be7 29. Kh2 Nd5 30. Qd2 g4 31. f4 Nxe3 32. Qxe3 Bc5 33. Qb3 g3+ 34.
Kh1 Ke7 35. f5 Rg8 36. fxe6 Bxe6 37. Qf3 Kd7 38. Rd1+ Kc8 39. Qf6 Re8 40. Qg6
Bd7 41. Ra1 Kb8 42. Qxg3 Be6 43. Qg6 Bd7 44. Qf7 Re7 45. Ra8+ Kxa8 46. Qa2+ Kb8
47. Qa7+ Kc8 48. Qa8# 1-0

[Event "4NCL 3 South pool A"]
[Site "Telford, ENG ENG"]
[Date "2016.01.16"]
[Round "3.58"]
[White "Taylor, Robert Graham"]
[Black "Hopkins, Jamie R"]
[Result "0-1"]
[WhiteElo "2002"]
[BlackElo "2080"]
[PlyCount "48"]
[EventDate "2016.01.16"]
[WhiteTeam "Rhyfelwyr Essyllwg"]
[BlackTeam "Shropshire 1"]

1. Nf3 c5 2. g3 g6 3. Bg2 Bg7 4. O-O Nc6 5. d3 e5 6. e4 Nge7 7. c3 d5 8. Nbd2
O-O 9. Qe2 h6 10. Nb3 b6 11. Be3 Ba6 12. Ne1 dxe4 13. Bxe4 f5 14. Bxc6 Nxc6 15.
c4 Bb7 16. f3 Qd6 17. Rd1 Rae8 18. Bf2 Nd4 19. Nxd4 exd4 20. Qd2 g5 21. h3 g4
22. hxg4 fxg4 23. f4 Qc6 24. Kh2 Rf5 0-1

[Event "4NCL 3 South pool A"]
[Site "Telford, ENG ENG"]
[Date "2016.01.16"]
[Round "3.59"]
[White "Gostelow, David W"]
[Black "Hatchett, Paul"]
[Result "1/2-1/2"]
[WhiteElo "2072"]
[BlackElo "1992"]
[PlyCount "28"]
[EventDate "2016.01.16"]
[WhiteTeam "Shropshire 1"]
[BlackTeam "Rhyfelwyr Essyllwg"]

1. d4 Nf6 2. Bf4 g6 3. Nd2 Bg7 4. e4 O-O 5. e5 Nd5 6. Bg3 d6 7. Bc4 dxe5 8.
Bxe5 Bxe5 9. dxe5 Nc6 10. Ngf3 Bg4 11. h3 Bxf3 12. Nxf3 Nb6 13. Bb5 Nb4 14. c3
Qd5 1/2-1/2

[Event "4NCL 3 South pool A"]
[Site "Telford, ENG ENG"]
[Date "2016.01.16"]
[Round "3.60"]
[White "Slater, Peter"]
[Black "Bryant, Richard B E"]
[Result "0-1"]
[WhiteElo "1670"]
[BlackElo "2035"]
[PlyCount "91"]
[EventDate "2016.01.16"]
[WhiteTeam "Rhyfelwyr Essyllwg"]
[BlackTeam "Shropshire 1"]

1. e4 e6 2. d4 d5 3. e5 c5 4. c3 Nc6 5. Nf3 Bd7 6. dxc5 Bxc5 7. Bd3 Nge7 8. O-O
Ng6 9. Re1 Bb6 10. Bxg6 hxg6 11. Be3 Bc7 12. Bf4 f6 13. Bg3 f5 14. Qd2 Rh5 15.
Bf4 Qb8 16. h3 Bd8 17. Na3 a6 18. Rad1 Be7 19. Nc4 b5 20. Nd6+ Kf8 21. Ng5 Bxg5
22. Bxg5 Nxe5 23. Bf4 Qxd6 24. Bxe5 Qc6 25. Qd4 Rh7 26. Re3 a5 27. Rde1 Ra6 28.
g4 Qc4 29. Qd1 Kf7 30. b3 Qc8 31. gxf5 gxf5 32. Rg3 Qd8 33. Qd2 Qh4 34. Bf4 Qd8
35. Be5 a4 36. Ree3 axb3 37. axb3 Ra1+ 38. Kh2 Qa8 39. c4 Ra2 40. Bb2 f4 41.
Ref3 e5 42. Qc3 d4 43. Qc2 Rh6 44. cxb5 Kg8 45. Rxg7+ Kxg7 46. Qc7 0-1

[Event "4NCL 3 South pool A"]
[Site "Telford, ENG ENG"]
[Date "2016.01.16"]
[Round "3.65"]
[White "Myall, Ivan J"]
[Black "Rudd, Jack"]
[Result "1/2-1/2"]
[WhiteElo "2080"]
[BlackElo "2255"]
[PlyCount "99"]
[EventDate "2016.01.16"]
[WhiteTeam "Anglian Avengers 2"]
[BlackTeam "West is Best 1"]

1. e4 e5 2. Nc3 Nc6 3. Bc4 Bc5 4. Qg4 g6 5. Qf3 Nf6 6. Nd5 Nxd5 7. Bxd5 Rf8 8.
c3 f5 9. d4 exd4 10. Bh6 dxc3 11. bxc3 Ne5 12. Qe2 Qf6 13. Bxf8 Kxf8 14. Nf3 c6
15. Bb3 Kg7 16. exf5 Nxf3+ 17. Qxf3 Qe5+ 18. Kd2 d5 19. g4 gxf5 20. gxf5 Bxf5
21. Qg3+ Qxg3 22. fxg3 Be7 23. Rae1 Bg5+ 24. Kd1 Rd8 25. Rhf1 Bg6 26. Re6 d4
27. Rxg6+ Kxg6 28. cxd4 Rxd4+ 29. Ke1 a5 30. Bf7+ Kg7 31. Rf5 Bf6 32. Bh5 Ra4
33. Rf2 Rc4 34. Kd1 Rb4 35. Rd2 Bd4 36. Ke2 c5 37. Kd3 Kf6 38. Be8 Ke7 39. Re2+
Kd6 40. a4 Be5 41. Rc2 Rd4+ 42. Ke2 Bxg3 43. Kf3 Be5 44. Bb5 Kd5 45. h3 c4 46.
Bd7 h5 47. Be8 Rd3+ 48. Ke2 Kc5 49. Rxc4+ Kxc4 50. Bb5+ 1/2-1/2

[Event "4NCL 3 South pool A"]
[Site "Telford, ENG ENG"]
[Date "2016.01.16"]
[Round "3.66"]
[White "Rees, Ioan"]
[Black "Lunn, Timothy"]
[Result "1-0"]
[WhiteElo "2242"]
[BlackElo "2057"]
[PlyCount "45"]
[EventDate "2016.01.16"]
[WhiteTeam "West is Best 1"]
[BlackTeam "Anglian Avengers 2"]

1. Nf3 Nf6 2. c4 g6 3. b3 Bg7 4. Bb2 O-O 5. g3 d6 6. Bg2 e5 7. O-O Nc6 8. Nc3
Rb8 9. d4 a6 10. Rc1 Bg4 11. d5 Ne7 12. b4 Qd7 13. Qd3 e4 14. Nxe4 Nxe4 15.
Bxg7 Kxg7 16. Qxe4 Rfe8 17. Qd4+ Kg8 18. e4 Qa4 19. Qb2 c5 20. bxc5 dxc5 21.
Ne5 Bd7 22. f4 Nc8 23. Rf3 1-0

[Event "4NCL 3 South pool A"]
[Site "Telford, ENG ENG"]
[Date "2016.01.16"]
[Round "3.67"]
[White "Wallis, Ian J"]
[Black "Stewart, Joseph J"]
[Result "1-0"]
[WhiteElo "2117"]
[BlackElo "2181"]
[PlyCount "85"]
[EventDate "2016.01.16"]
[WhiteTeam "Anglian Avengers 2"]
[BlackTeam "West is Best 1"]

1. e4 c5 2. Nf3 d6 3. d4 cxd4 4. Nxd4 Nf6 5. Nc3 a6 6. Bg5 Nbd7 7. Qe2 e5 8.
Nf5 h6 9. Bh4 g6 10. Ne3 g5 11. Bg3 b5 12. O-O-O Bb7 13. Nf5 Qc7 14. h4 Rg8 15.
hxg5 hxg5 16. f3 O-O-O 17. Bf2 Nc5 18. Ne3 Be7 19. Qd2 Qa5 20. Kb1 Ne6 21. Nf5
Bf8 22. Be3 b4 23. Nd5 Nxd5 24. exd5 Nf4 25. Bc4 Qa4 26. g3 Qd7 27. Nh6 Rg6 28.
gxf4 exf4 29. Bb6 Bxh6 30. Bxd8 Kxd8 31. Qxb4 f5 32. Rhe1 Bf8 33. Qb6+ Kc8 34.
Bxa6 Bxa6 35. Qxa6+ Kd8 36. Qa8+ Qc8 37. Re8+ Kxe8 38. Qxc8+ Kf7 39. Qxf5+ Kg7
40. Re1 g4 41. fxg4 Rf6 42. Qg5+ Kf7 43. Re6 1-0

[Event "4NCL 3 South pool A"]
[Site "Telford, ENG ENG"]
[Date "2016.01.16"]
[Round "3.68"]
[White "Edgell, Ben P"]
[Black "Fogg, Martin"]
[Result "1-0"]
[WhiteElo "2130"]
[BlackElo "1982"]
[PlyCount "59"]
[EventDate "2016.01.16"]
[WhiteTeam "West is Best 1"]
[BlackTeam "Anglian Avengers 2"]

1. d4 Nf6 2. Bg5 Ne4 3. Bf4 c5 4. f3 Qa5+ 5. c3 Nf6 6. d5 e6 7. e4 exd5 8. exd5
d6 9. Qe2+ Kd8 10. Qd2 Be7 11. Na3 Re8 12. Kf2 Bf5 13. Nc4 Qc7 14. a4 Nbd7 15.
a5 h6 16. Ne2 g5 17. Ng3 Bg6 18. Be3 b5 19. axb6 Nxb6 20. Nxb6 Qxb6 21. b4 Qb7
22. Ba6 Qc7 23. bxc5 dxc5 24. Bd3 Bd6 25. Ra6 Nxd5 26. Bxg6 Nxe3 27. Rxd6+ Kc8
28. Be4 Nc4 29. Bf5+ Re6 30. Qd5 1-0

[Event "4NCL 3 South pool A"]
[Site "Telford, ENG ENG"]
[Date "2016.01.16"]
[Round "3.69"]
[White "Lamont, Richard"]
[Black "Bullen, Alex"]
[Result "0-1"]
[WhiteElo "1922"]
[BlackElo "2008"]
[PlyCount "82"]
[EventDate "2016.01.16"]
[WhiteTeam "Anglian Avengers 2"]
[BlackTeam "West is Best 1"]

1. e4 c6 2. e5 d5 3. f4 h5 4. Be2 g6 5. b3 Bf5 6. Bb2 e6 7. Nf3 Bh6 8. g3 Bh3
9. Bf1 Bg4 10. h3 Bf5 11. h4 Nd7 12. d3 Ne7 13. Nbd2 Bg4 14. Qe2 Nf5 15. Qf2
Qa5 16. Ng5 Bf8 17. c3 Ba3 18. Bxa3 Qxa3 19. Ndf3 O-O 20. Bh3 Qa5 21. Kd2 Bxh3
22. Nxh3 c5 23. d4 cxd4 24. Nxd4 Rac8 25. b4 Qa3 26. Rhc1 Nxd4 27. Qxd4 Rc4 28.
Qd3 Rfc8 29. Rc2 d4 30. Rac1 dxc3+ 31. Ke2 Nb6 32. Ng5 Qxb4 33. Nxe6 Qe7 34.
Ng5 Rd8 35. Qf3 Na4 36. Ne4 Rcd4 37. Nf6+ Kg7 38. g4 Rd2+ 39. Kf1 Qb4 40. Qe4
R8d4 41. Ne8+ Kf8 0-1

[Event "4NCL 3 South pool A"]
[Site "Telford, ENG ENG"]
[Date "2016.01.16"]
[Round "3.70"]
[White "Homer, Stephen J"]
[Black "Woodcock, Keith D"]
[Result "1-0"]
[WhiteElo "1992"]
[BlackElo "1666"]
[PlyCount "61"]
[EventDate "2016.01.16"]
[WhiteTeam "West is Best 1"]
[BlackTeam "Anglian Avengers 2"]

1. e4 c5 2. Nc3 g6 3. f4 Bg7 4. Nf3 Nc6 5. Bb5 a6 6. Bxc6 bxc6 7. O-O Nf6 8. d3
d6 9. Qe1 Rb8 10. b3 O-O 11. Bd2 Nd7 12. g4 e6 13. Rd1 Qe8 14. Qh4 f5 15. exf5
gxf5 16. gxf5 Rxf5 17. Rde1 Nf6 18. Kh1 Rh5 19. Qg3 Qg6 20. Rg1 Qxg3 21. Rxg3
Rb7 22. Ng5 Re7 23. Nce4 Nxe4 24. Nxe4 Kf8 25. Nxd6 Bd7 26. Reg1 e5 27. fxe5
Rhxe5 28. Bh6 Be6 29. Bxg7+ Rxg7 30. Rxg7 Bd5+ 31. Ne4 1-0

[Event "4NCL 3 South pool A"]
[Site "Telford, ENG ENG"]
[Date "2016.01.16"]
[Round "3.75"]
[White "Scott, David A"]
[Black "Hall, John"]
[Result "1/2-1/2"]
[WhiteElo "2099"]
[BlackElo "2179"]
[PlyCount "36"]
[EventDate "2016.01.16"]
[WhiteTeam "Oxford 2"]
[BlackTeam "Leeds University Old Boys"]

1. Nf3 c5 2. c4 Nf6 3. Nc3 e6 4. g3 b6 5. Bg2 Bb7 6. O-O Be7 7. d4 cxd4 8. Qxd4
d6 9. Rd1 a6 10. Bg5 Nbd7 11. Qd2 Qc8 12. Rac1 O-O 13. Bf4 Nc5 14. Qc2 Rd8 15.
Nd2 Bxg2 16. Kxg2 Qb7+ 17. f3 d5 18. cxd5 Nxd5 1/2-1/2

[Event "4NCL 3 South pool A"]
[Site "Telford, ENG ENG"]
[Date "2016.01.16"]
[Round "3.76"]
[White "McGann, Gary"]
[Black "Truran, Michael C"]
[Result "1/2-1/2"]
[WhiteElo "2088"]
[BlackElo "2147"]
[PlyCount "25"]
[EventDate "2016.01.16"]
[WhiteTeam "Leeds University Old Boys"]
[BlackTeam "Oxford 2"]

1. d4 Nf6 2. Nf3 c5 3. c3 b6 4. dxc5 bxc5 5. e4 e6 6. e5 Nd5 7. c4 Ne7 8. Nc3
Bb7 9. Be2 Nf5 10. Bg5 Qb6 11. O-O h6 12. Bf4 Be7 13. Qd3 1/2-1/2

[Event "4NCL 3 South pool A"]
[Site "Telford, ENG ENG"]
[Date "2016.01.16"]
[Round "3.77"]
[White "Brackmann, Hendrik"]
[Black "Mossong, Hubert"]
[Result "1-0"]
[WhiteElo "2003"]
[BlackElo "2039"]
[PlyCount "71"]
[EventDate "2016.01.16"]
[WhiteTeam "Oxford 2"]
[BlackTeam "Leeds University Old Boys"]

1. e4 d6 2. d4 Nf6 3. Nc3 c6 4. f4 Qa5 5. Bd3 e5 6. Nf3 Bg4 7. dxe5 dxe5 8. O-O
Nbd7 9. Qe1 Bxf3 10. Rxf3 Bd6 11. f5 Nh5 12. Kh1 Nf4 13. Bd2 Qc7 14. Bc4 Nb6
15. Bf1 O-O-O 16. a3 g6 17. g3 Nh5 18. b4 Kb8 19. b5 Bc5 20. a4 Bd4 21. a5 Nc8
22. bxc6 bxc6 23. Rb1+ Ka8 24. Na4 Nd6 25. Ra3 Rb8 26. Rxb8+ Rxb8 27. c3 gxf5
28. exf5 Nb5 29. Ra1 Qd6 30. cxd4 Nxd4 31. Bg2 Nf6 32. Rc1 Nd5 33. Nc5 Rb2 34.
Nd3 Ra2 35. Nxe5 Rxd2 36. Nc4 1-0

[Event "4NCL 3 South pool A"]
[Site "Telford, ENG ENG"]
[Date "2016.01.16"]
[Round "3.78"]
[White "Wojciechowski, Paul"]
[Black "Terry, Sean"]
[Result "1/2-1/2"]
[WhiteElo "2008"]
[BlackElo "1905"]
[PlyCount "44"]
[EventDate "2016.01.16"]
[WhiteTeam "Leeds University Old Boys"]
[BlackTeam "Oxford 2"]

1. e4 c5 2. Nf3 e6 3. d4 cxd4 4. Nxd4 a6 5. Nc3 Qc7 6. Bd3 Nf6 7. Qe2 Nc6 8.
Be3 b5 9. Nb3 Ne5 10. f3 Bb7 11. Rd1 Be7 12. O-O O-O 13. Qf2 Nc4 14. Bxc4 bxc4
15. Bb6 Qb8 16. Na5 Rc8 17. Bd4 d5 18. Nxb7 Qxb7 19. exd5 Nxd5 20. Nxd5 exd5
21. b3 Qc6 22. bxc4 Qxc4 1/2-1/2

[Event "4NCL 3 South pool A"]
[Site "Telford, ENG ENG"]
[Date "2016.01.16"]
[Round "3.79"]
[White "Kozera, Aleksandra"]
[Black "Deighton, Simon"]
[Result "1/2-1/2"]
[WhiteElo "1881"]
[BlackElo "2020"]
[PlyCount "44"]
[EventDate "2016.01.16"]
[WhiteTeam "Oxford 2"]
[BlackTeam "Leeds University Old Boys"]

1. e4 c5 2. Nf3 Nc6 3. d4 cxd4 4. Nxd4 Nf6 5. Nc3 e5 6. Ndb5 d6 7. a4 a6 8. Na3
Bg4 9. f3 Be6 10. Be3 d5 11. exd5 Nxd5 12. Nxd5 Qxd5 13. Qxd5 Bxd5 14. Be2 Be7
15. O-O O-O 16. Nc4 Be6 17. c3 Rac8 18. Rac1 Bxc4 19. Bxc4 Na5 20. Bd5 Nc4 21.
Bxc4 Rxc4 22. Rfd1 Bc5 1/2-1/2

[Event "4NCL 3 South pool A"]
[Site "Telford, ENG ENG"]
[Date "2016.01.16"]
[Round "3.80"]
[White "Birkin, Mark H"]
[Black "Idle, Oscar"]
[Result "1-0"]
[WhiteElo "2050"]
[BlackElo "1765"]
[PlyCount "93"]
[EventDate "2016.01.16"]
[WhiteTeam "Leeds University Old Boys"]
[BlackTeam "Oxford 2"]

1. e4 c5 2. Nf3 d6 3. g3 Nf6 4. d3 Nc6 5. Bg2 e6 6. O-O Be7 7. Re1 a6 8. Nbd2
Qc7 9. Nf1 b5 10. c3 O-O 11. d4 d5 12. e5 Nd7 13. Bf4 Qb6 14. h4 f6 15. h5 cxd4
16. cxd4 fxe5 17. dxe5 Bc5 18. Ne3 d4 19. Ng4 Bb7 20. Ng5 Na5 21. Qd3 Rf5 22.
Bxb7 Nxb7 23. h6 g6 24. Nf3 Na5 25. Nh4 Rf7 26. Nxg6 Bb4 27. Red1 Nc4 28. Rab1
Nc5 29. Qf3 Rfa7 30. Nf6+ Kf7 31. Nh4 Na4 32. Bg5 Nxe5 33. Qh5+ Kf8 34. Bf4 Nc6
35. Qg4 d3 36. Qg8+ Ke7 37. Qg7+ Kd8 38. Rxd3+ Nd4 39. Qg8+ Ke7 40. Qg7+ Kd8
41. Qh8+ Ke7 42. Ng8+ Kf7 43. Qxh7+ Ke8 44. Nf6+ Kd8 45. Qh8+ Ke7 46. Ng6+ Kf7
47. Qg7# 1-0

[Event "4NCL 3 South pool A"]
[Site "Telford, ENG ENG"]
[Date "2016.01.16"]
[Round "3.85"]
[White "Cooper, Lawrence H"]
[Black "Byron, Alan M"]
[Result "1-0"]
[WhiteElo "2349"]
[BlackElo "2175"]
[PlyCount "83"]
[EventDate "2016.01.16"]
[WhiteTeam "Midland Monarchs 1"]
[BlackTeam "The Rookies"]

1. d4 Nf6 2. c4 g6 3. Nc3 Bg7 4. e4 d6 5. f4 O-O 6. Nf3 Na6 7. Bd3 c5 8. d5 Nc7
9. O-O b5 10. cxb5 a6 11. bxa6 Bxa6 12. Rb1 Nd7 13. Qe2 Nb6 14. Bd2 Na4 15. Bc4
Qd7 16. Rfc1 Nxc3 17. Bxc3 Bxc4 18. Qxc4 Ra4 19. b4 Bxc3 20. Qxc3 Nb5 21. Qd2
c4 22. Qf2 Rfa8 23. Qh4 Kg7 24. f5 Rxa2 25. Rf1 f6 26. Rbc1 c3 27. fxg6 hxg6
28. Qg3 Rg8 29. Kh1 Re2 30. Nh4 Kf7 31. Qf3 Rb2 32. Qg3 Rxb4 33. Nf3 Ke8 34.
Qh4 g5 35. Qh7 Rf8 36. Nxg5 Qg4 37. Ne6 Rg8 38. Rf2 Rb2 39. h3 Qg6 40. Qxg6+
Rxg6 41. Rxb2 cxb2 42. Rc8+ 1-0

[Event "4NCL 3 South pool A"]
[Site "Telford, ENG ENG"]
[Date "2016.01.16"]
[Round "3.86"]
[White "Jones, Christopher M"]
[Black "Devangi, Patankar"]
[Result "1/2-1/2"]
[WhiteElo "2122"]
[BlackElo "2098"]
[PlyCount "45"]
[EventDate "2016.01.16"]
[WhiteTeam "The Rookies"]
[BlackTeam "Midland Monarchs 1"]

1. e4 c5 2. Nc3 Nc6 3. g3 g6 4. Bg2 Bg7 5. Nge2 e6 6. d3 Nge7 7. O-O O-O 8. Be3
Nd4 9. Qd2 Nec6 10. Nd1 Nxe2+ 11. Qxe2 d6 12. Qd2 Rb8 13. Bh6 b5 14. Bxg7 Kxg7
15. Ne3 Qf6 16. Ng4 Qe7 17. Qh6+ Kg8 18. f4 e5 19. Ne3 f6 20. Nd5 Qg7 21. Qh4
Be6 22. fxe5 fxe5 23. Bh3 1/2-1/2

[Event "4NCL 3 South pool A"]
[Site "Telford, ENG ENG"]
[Date "2016.01.16"]
[Round "3.87"]
[White "Manelidou, Maria"]
[Black "Compton, Alistair"]
[Result "1-0"]
[WhiteElo "2093"]
[BlackElo "2094"]
[PlyCount "119"]
[EventDate "2016.01.16"]
[WhiteTeam "Midland Monarchs 1"]
[BlackTeam "The Rookies"]

1. e4 e6 2. d4 d5 3. Nd2 Nf6 4. e5 Nfd7 5. Bd3 c5 6. c3 Nc6 7. Ne2 cxd4 8. cxd4
f6 9. exf6 Nxf6 10. O-O Bd6 11. Nf3 Qc7 12. Nc3 a6 13. Bg5 O-O 14. a3 Bd7 15.
Bc2 Be8 16. Re1 Bh5 17. Rxe6 Bxf3 18. gxf3 Qd7 19. Bf5 Qd8 20. Qd3 h6 21. Bh4
Bb8 22. Rd1 Ba7 23. Ne2 Qc7 24. Qe3 Nh5 25. Bg4 Bb8 26. Bg3 Nxg3 27. hxg3 Ba7
28. Bh5 Rad8 29. Kg2 Qb6 30. b4 a5 31. bxa5 Qxa5 32. Bg6 Qa4 33. Rd2 Na5 34.
Re7 Qc6 35. Qe6+ Qxe6 36. Rxe6 Nc4 37. Rd3 Rf6 38. Rxf6 gxf6 39. Nf4 Bb8 40.
Nh5 Rd6 41. Rd1 Re6 42. Rb1 b6 43. a4 Bd6 44. Bf5 Re2 45. Nxf6+ Kg7 46. Nxd5
Rd2 47. Be4 Rxd4 48. Nxb6 Nd2 49. Rd1 Bb4 50. Nd5 Ba5 51. Ne3 Rxa4 52. Bd5 Ra3
53. Rc1 Rc3 54. Ra1 Rc5 55. Be4 Kf6 56. Rh1 h5 57. Nd5+ Kg5 58. Nf4 Nxe4 59.
Rxh5+ Kf6 60. fxe4 1-0

[Event "4NCL 3 South pool A"]
[Site "Telford, ENG ENG"]
[Date "2016.01.16"]
[Round "3.88"]
[White "Piper, Stephen J"]
[Black "Serbanescu, Diana-Maria"]
[Result "1-0"]
[WhiteElo "2034"]
[BlackElo "2042"]
[PlyCount "89"]
[EventDate "2016.01.16"]
[WhiteTeam "The Rookies"]
[BlackTeam "Midland Monarchs 1"]

1. c4 Nf6 2. g3 g6 3. Bg2 Bg7 4. Nc3 O-O 5. d3 Nc6 6. e4 d6 7. Nge2 e5 8. O-O
Be6 9. Nd5 Ne8 10. Be3 f5 11. Qd2 Rf7 12. exf5 Bxf5 13. Rad1 Qd7 14. b4 a6 15.
Rfe1 Nd8 16. d4 Bg4 17. dxe5 Bxe5 18. Bd4 Nc6 19. Be3 Bh8 20. f4 Ng7 21. b5
axb5 22. cxb5 Nd8 23. Rc1 Nde6 24. Nd4 Re8 25. Bf2 Nxd4 26. Bxd4 Rxe1+ 27. Rxe1
Ne8 28. Bxh8 Kxh8 29. Qd4+ Kg8 30. h3 Be6 31. a4 h6 32. Qe3 Ng7 33. g4 Kh7 34.
Kf2 Qd8 35. Kg3 h5 36. Qd3 c6 37. Ne3 d5 38. Qd4 Qc7 39. Qe5 Qa5 40. Rb1 Qxa4
41. bxc6 bxc6 42. Rb8 h4+ 43. Kf3 d4 44. Qg5 dxe3 45. Qh6+ 1-0

[Event "4NCL 3 South pool A"]
[Site "Telford, ENG ENG"]
[Date "2016.01.16"]
[Round "3.89"]
[White "Green, Michael"]
[Black "Gibson, Christopher A"]
[Result "0-1"]
[WhiteElo "2042"]
[BlackElo "1939"]
[PlyCount "138"]
[EventDate "2016.01.16"]
[WhiteTeam "Midland Monarchs 1"]
[BlackTeam "The Rookies"]

1. Nf3 Nf6 2. c4 g6 3. b4 Bg7 4. Bb2 O-O 5. g3 c6 6. Bg2 d5 7. cxd5 cxd5 8. O-O
Qb6 9. Qb3 Nc6 10. b5 Na5 11. Qb4 Nc4 12. Bd4 Qd8 13. d3 Nd6 14. a4 Re8 15. Na3
Bg4 16. Qb2 Bh6 17. h3 Be6 18. Nc2 Nf5 19. Bc3 Bg7 20. Ncd4 Nxd4 21. Bxd4 Bh6
22. Kh2 Nd7 23. e3 f6 24. Bc3 Bf7 25. d4 Bg7 26. Rfc1 e5 27. Rc2 Rc8 28. Bb4
Nb6 29. Ba5 Rxc2 30. Qxc2 Qc8 31. Qb3 Nc4 32. Bb4 Qd7 33. Bf1 Rc8 34. Rd1 Be6
35. dxe5 fxe5 36. Ng5 Bf7 37. Bxc4 dxc4 38. Rxd7 cxb3 39. Rd2 Bf8 40. Bxf8 Kxf8
41. Nxf7 Rc2 42. Rd1 b2 43. Nxe5 Rc1 44. Nd3 Rxd1 45. Nxb2 Ra1 46. Kg2 Ra2 47.
Nd3 b6 48. Nb4 Rxa4 49. Nc6 a5 50. bxa6 Rxa6 51. Nd4 Ra1 52. Kf3 Ra2 53. g4 Rb2
54. h4 Kf7 55. Kg3 b5 56. h5 gxh5 57. gxh5 b4 58. Kf3 Kf6 59. Ke4 Rxf2 60. Kd3
Kg5 61. Kc4 Rb2 62. Nb3 Kxh5 63. e4 Rxb3 64. Kxb3 Kg5 65. Kxb4 Kf4 66. e5 Kxe5
67. Kc3 Ke4 68. Kd2 Kf3 69. Ke1 Kg2 0-1

[Event "4NCL 3 South pool A"]
[Site "Telford, ENG ENG"]
[Date "2016.01.16"]
[Round "3.90"]
[White "Ressel, Eva"]
[Black "Holton, Jake"]
[Result "0-1"]
[WhiteElo "1611"]
[BlackElo "1730"]
[PlyCount "46"]
[EventDate "2016.01.16"]
[WhiteTeam "The Rookies"]
[BlackTeam "Midland Monarchs 1"]

1. e4 e6 2. d4 d5 3. Nc3 Nf6 4. Bg5 dxe4 5. Nxe4 Be7 6. Bxf6 gxf6 7. Nf3 f5 8.
Nc3 a6 9. Qd2 b5 10. O-O-O Bb7 11. Kb1 c5 12. Qe3 cxd4 13. Nxd4 Qc7 14. Qh6 Nd7
15. a3 Rc8 16. Qd2 b4 17. axb4 Bxb4 18. Nde2 Ne5 19. Qd4 Bc5 20. Qa4+ Bc6 21.
Qf4 Ng4 22. Qc4 Bxf2 23. Qd3 Bb6 0-1